| 000 | 03530nam0a22005411 4500 | ||
|---|---|---|---|
| 001 | v19\rc\2110185 | ||
| 005 | 20260408083751.0 | ||
| 035 | _a(NLR Aleph) 005185872 | ||
| 090 |
_a5165144 _c5165144 |
||
| 100 | _a20090914d1802 |||y0rusy50 ca | ||
| 101 | 1 |
_arus _cfre |
|
| 102 | _aRU | ||
| 135 | _acrcn 024anaba | ||
| 140 | _ay y zz eayaa0000 | ||
| 200 | 1 |
_aГурон, или Простодушный, _eистинная повесть, _fиз сочинений г. Волтера. _gПеревод с французскаго |
|
| 210 |
_aСанктпетербург _cв Императорской типографии _d1802 |
||
| 215 |
_a[2], 165, [1] с. _d12° |
||
| 300 | _aЦенз.: С указнаго дозволения (тит. л.) | ||
| 300 | _aПер. Н.Е. Левицкий | ||
| 300 | _aПредыдущее изд. 1789 г. см. СК XVIII 1097. В изд. 1802 г. восстановлено большинство купюр, сделанных в издании 1789 г. по цензурным соображениям | ||
| 300 | _aЦена: 1р. 10 к. | ||
| 300 | _aНа с.[1] 2-го ряда объявл. В.С. Сопикова о продаже соч. Вольтера | ||
| 300 | _aРец.: Моск. Меркурий. - 1803. - Ч.1, №2. - С.156-157 | ||
| 316 |
_aЭкз. РНБ (137/141) в коричневом марморирован. цельнокожаном пер. Корешок гладкий с блинтовым тиснением. На корешке красная кожаная наклейка с вытисн. загл.: "Гурон". Корешок надорван сверху. Кожа на уголках крышек лопнула. На форзаце и нижней крышке пер. экслибрис рус. фонда ГПБ с шифром. Правая сторона форзаца отсутствует. На тит. л. зачеркнутые неразборчивые рукоп. записи. На обороте тит. л., с.33 и [1] 2-го ряда круглый штамп ГПБ. Размер: 17,0х10,4х1,8 см _5NLR: 137/141 |
||
| 321 | 1 | _aСК 1801-1825 1325 | |
| 325 | _aКопия доступна в Электрон. б-ке РНБ | ||
| 517 | 1 | _aПростодушный | |
| 620 | _dСанкт-Петербург | ||
| 700 | 1 |
_8rus _7ca _aВольтер _bФ. М. _f1694-1778 _gФрансуа Мари _3RU\NLR\AUTH\778316 _9118227 |
|
| 702 | 1 |
_4730 _7ca _8rus _aЛевицкий _bН. Е. _f1758-1830 _gНиколай Евстафьевич _9164107 _3RU\NLR\AUTH\770164151 |
|
| 712 | 0 | 2 |
_aИмператорская типография Вейтбрехта _cПетербург _3RU\NLR\AUTH\8810171428 _9838690 |
| 790 | 1 |
_6z01700 _aВолтер |
|
| 801 | 0 |
_aRU _bNLR _gpsbo |
|
| 801 | 1 |
_aRU _bProSoft-M _2rusmarc |
|
| 801 | 2 |
_aRU _bNLR _c20150624 _2rusmarc |
|
| 852 |
_aNLR _j18.258.5.18 |
||
| 852 |
_aNLR _j137/141 |
||
| 942 | _cBOOK | ||
| 980 | _aNB | ||
| 980 | 3 | _akpcivil2020 | |
| 980 | 3 | _akp2020 | |
| 980 | 3 | _akp | |
| 981 | 3 | 3 |
_a(33) Художественная литература _b(33) Зарубежная литература |
| 981 | 2 | 0 |
_a(20) Книжные памятники РНБ _b(20) Русский книжный фонд |